| 000 | 01133nam a2200217 a 4500 | ||
|---|---|---|---|
| 001 | 48691 | ||
| 005 | 20180714033103.0 | ||
| 008 | 140415s2006 mx 000 0 spa d | ||
| 020 | _a9688638978 | ||
| 041 | _aspa | ||
| 082 |
_a972.48 _bKUR |
||
| 100 | 1 | _aKuri Camacho, Ramón,. | |
| 245 | 1 | 0 |
_aCHIGNAHUAPAN SIERRA NORTE DE PUEBLA : _bVOCES Y MIRADAS DE SU HISTORIA |
| 250 | _a5ed. | ||
| 260 |
_aMEXICO : _bBENEMERITA UNIVERSIDAD AUTONOMA DE PUEBLA, _c2006 |
||
| 300 |
_a350 _c13.8 x 2.5 x 21 |
||
| 490 | _aPUEBLA | ||
| 500 | _aCOLECCIÓN PUEBLA | ||
| 520 | _aEL LECTOR ENCONTRARÁ AQUÍ LA PRIMERA PARTE DE CHIGNAHUAPAN, SIERRA NORTE DE PUEBLA, VOCES Y MIRADAS DE SU HISTORIA. POR SUGERENCIA DE RICARDO ESCÁRCEGA MÉNDEZ, DIRECTOR EDITORIAL DE LA BENEMERITA UNIVERSIDAD AUTONOMA DE PUEBLA, OPTÉ POR SU DIVISIÓN EN DOS VOLÚMENES MEJOR QUE POR SU CONDENSACIÓN EN UNO SOLO. OJALÁ QUE LA LECTURA Y MEDITACIÓN DE ESTA HISTORIA PROPORCIONE UNA IDEA PRECISA DEL DESARROLLO VIVO, INQUIETANTE Y CONTRADICTORIO DE ESTA REGIÓN DEL PAÍS, Y SE VALORE EL HECHO DE SE | ||
| 650 | 1 | 4 |
_aCHIGNAHUAPAN (PUEBLA) _xHISTORIA |
| 999 |
_c48691 _d48691 |
||